000 00998cam a22002531i 4500
003 SA-RiAUC
005 20250503104941.0
008 250426s2003 le g 000 0 ara c
040 _aSA-JeALM
_bara
_cSA-RiAUC
_erda
082 0 4 _a415.1
090 _a415.1
_bح ر ي
100 1 _aالحريري، القاسم بن علي بن محمد،
_d446-516 هجري
_eمؤلف.
245 1 0 _aشرح ملحة الإعراب /
_cأبي محمد القاسم بن علي بن محمد الحريري البصري ؛ تحقيق بركات يوسف هبود.
264 1 _aبيروت :
_bدار بن حزم،
_c2003
300 _a168 صفحة
336 _aنص
_btxt
_2rdacontent
_3كتاب
337 _aبدون وسيط
_bn
_2rdamedia
338 _aمجلد
_bnc
_2rdacarrier
650 7 _aاللغة العربية
_xنحو
_2aucsh
700 _aهبود, بركات يوسف.
_eتحقيق
740 0 2 _aملحة الإعراب.
942 _2ddc
_cBOOK
_n0
949 _aSA-JeALM
_d250426
_umohamedma123
_n1
999 _c7553
_d7553